European industrial property markets 2010 (Record no. 110576)

MARC details
000 -LEADER
fixed length control field 01161cad a22002415a 4500
001 - CONTROL NUMBER
control field E149647
008 - FIXED-LENGTH DATA ELEMENTS--GENERAL INFORMATION
fixed length control field 100331s2010 xxkd f s 000 0 eng d
035 ## - SYSTEM CONTROL NUMBER
System control number (Sirsi) u149647
041 0# - LANGUAGE CODE
Language code of text/sound track or separate title eng
050 04 - LIBRARY OF CONGRESS CALL NUMBER
Classification number 333.337 $2 18
110 2# - MAIN ENTRY--CORPORATE NAME
Corporate name or jurisdiction name as entry element King Sturge
9 (RLIN) 3877
245 00 - TITLE STATEMENT
Title European industrial property markets 2010
Medium [electronic resource]
260 ## - PUBLICATION, DISTRIBUTION, ETC.
Place of publication, distribution, etc. London
Name of publisher, distributor, etc. King Sturge
Date of publication, distribution, etc. 2010
490 #0 - SERIES STATEMENT
Series statement King Sturge European Industrial Property Markets
Volume/sequential designation 2010
520 ## - SUMMARY, ETC.
Summary, etc. Reports that the Eurozone came out of recession in Q3 2009, although output fell by around 4%, year-on-year. Occupier demand fell in 2009, however headline rents did not fall as much as in the office market. Rents should improve in 2010 as lack of supply and increased demand starts to have an impact.
590 ## - LOCAL NOTE (RLIN)
Local note KA
650 24 - SUBJECT ADDED ENTRY--TOPICAL TERM
Topical term or geographic name entry element EUROPEAN INDUSTRIAL PROPERTY MARKETS
651 #4 - SUBJECT ADDED ENTRY--GEOGRAPHIC NAME
Geographic name Europe
690 ## - LOCAL SUBJECT ADDED ENTRY--TOPICAL TERM (OCLC, RLIN)
Topical term or geographic name as entry element PROPERTY-COMMERCIAL PROPERTY-COMMERCIAL PROPERTY MARKET
690 ## - LOCAL SUBJECT ADDED ENTRY--TOPICAL TERM (OCLC, RLIN)
Topical term or geographic name as entry element PROPERTY-INDUSTRIAL PROPERTY
856 40 - ELECTRONIC LOCATION AND ACCESS
Uniform Resource Identifier <a href="https://www.kingsturge.co.uk/en-GB/research/%7E/media/349EA6C9606E4D11B16B5B5C7841F8D4.ashx">https://www.kingsturge.co.uk/en-GB/research/%7E/media/349EA6C9606E4D11B16B5B5C7841F8D4.ashx</a>
Public note View the item free of charge (PDF file) at www.kingsturge.co.uk
942 ## - ADDED ENTRY ELEMENTS (KOHA)
Suppress in OPAC 0
Holdings
Withdrawn status Lost status Source of classification or shelving scheme Damaged status Not for loan Home library Current library Shelving location Date acquired Total Checkouts Full call number Barcode Date last seen Copy number Price effective from Koha item type
    Dewey Decimal Classification     Virtual Virtual Online 31/03/2010   ONLINE PUBLICATION 149647-2001 06/08/2019 1 06/08/2019 Book